[Event "Mittelrhein Verbandsliga Sued 1920"]
[Site "Mittelrhein"]
[Date "2020.02.16"]
[Round "6.3"]
[White "Moos, Gerd"]
[Black "Knauf, Franz Josef"]
[Result "1-0"]
[WhiteElo "1864"]
[BlackElo "1964"]
[PlyCount "87"]
[EventDate "2019.09.29"]
[EventType "team-tourn"]
[EventRounds "9"]
[EventCountry "GER"]
[SourceTitle "EXT 2023"]
[Source "ChessBase"]
[SourceDate "2022.10.05"]
[SourceVersion "1"]
[SourceVersionDate "2022.10.05"]
[SourceQuality "1"]
[WhiteTeam "Bonn Stadtverwaltung II"]
[BlackTeam "Sankt Augustin Turm"]
[WhiteTeamCountry "GER"]
[BlackTeamCountry "GER"]

1. d4 Nf6 2. c4 g6 3. Nc3 Bg7 4. e4 d6 5. Nf3 0-0 6. Be2 e5 7. 0-0 exd4 8. Nxd4 Re8 9. f3 Nc6 10. Be3 Bd7 11. Qd2 Nxd4 12. Bxd4 Bc6 13. Nd5 Nxd5 14. cxd5 Bd7 15. Rac1 Bxd4+ 16. Qxd4 f5 17. Bd3 fxe4 18. Bxe4 Bb5 19. Rfd1 a5 20. Rc3 Qd7 21. Rdc1 Rac8 22. Qd1 Re5 23. Qc2 Re7 24. h4 Qe8 25. Qf2 b6 26. Qg3 Qf7 27. h5 Kg7 28. Re1 Rce8 29. Rce3 Re5 30. hxg6 hxg6 31. f4 Rxe4 32. Rxe4 Rxe4 33. Rxe4 Qxd5 34. Qc3+ Kg8 35. Re7 Qc5+ 36. Qxc5 bxc5 37. Rxc7 a4 38. Rb7 Bc4 39. a3 Bb3 40. Rb6 d5 41. Rxg6+ Kf7 42. Rc6 d4 43. Kf2 d3 44. Ke3 1-0

[Event "Mittelrhein Verbandsliga Sued 1920"]
[Site "Mittelrhein"]
[Date "2019.09.29"]
[Round "1.3"]
[White "Moos, Gerd"]
[Black "Borriss, Claudia"]
[Result "1-0"]
[WhiteElo "1864"]
[BlackElo "2015"]
[PlyCount "101"]
[EventDate "2019.09.29"]
[EventType "team-tourn"]
[EventRounds "9"]
[EventCountry "GER"]
[SourceTitle "EXT 2023"]
[Source "ChessBase"]
[SourceDate "2022.10.05"]
[SourceVersion "1"]
[SourceVersionDate "2022.10.05"]
[SourceQuality "1"]
[WhiteTeam "Bonn Stadtverwaltung II"]
[BlackTeam "Siebengebirge"]
[WhiteTeamCountry "GER"]
[BlackTeamCountry "GER"]

1. d4 Nf6 2. c4 e6 3. Nc3 Bb4 4. Qc2 c5 5. dxc5 Na6 6. a3 Bxc3+ 7. Qxc3 Nxc5 8. f3 0-0 9. e4 d6 10. Be3 Qc7 11. Rd1 Bd7 12. b4 Ncxe4 13. fxe4 Nxe4 14. Qc2 f5 15. Bd3 Nf6 16. Nh3 Ng4 17. Bf2 Bc6 18. 0-0 Rac8 19. Ng5 Qe7 20. Nf3 Bxf3 21. gxf3 Ne5 22. Be2 b6 23. Qd2 Rfd8 24. Rc1 Ng6 25. Be3 h6 26. Kh1 Qf6 27. Rg1 Kh7 28. f4 Rc7 29. Bh5 Nf8 30. Bd4 Qh4 31. Be2 Ng6 32. Rcf1 e5 33. Be3 exf4 34. Bxf4 Nxf4 35. Rxf4 Qf6 36. Rxf5 Qe6 37. Bd3 Kh8 38. Rd5 b5 39. Bf5 Qf6 40. c5 Rf7 41. Bg6 Rff8 42. cxd6 a6 43. d7 Qf3+ 44. Qg2 Qxa3 45. Be4 Rf7 46. Qg6 Kg8 47. Rd3 Qb2 48. Bd5 Rdxd7 49. Bxf7+ Rxf7 50. Rd8+ Rf8 51. Qe6+ 1-0

[Event "Mittelrhein Verbandsliga-O 16/17"]
[Site "Nordrheinwestfalen"]
[Date "2016.09.11"]
[Round "1"]
[White "Moos, Gerd"]
[Black "Solzbacher, Thomas"]
[Result "1-0"]
[WhiteElo "1927"]
[BlackElo "1805"]
[PlyCount "115"]
[EventDate "2016.09.11"]
[EventType "team-tourn"]
[EventRounds "11"]
[EventCountry "GER"]
[SourceTitle "EXT 2022"]
[Source "ChessBase"]
[SourceDate "2021.10.06"]
[SourceVersion "1"]
[SourceVersionDate "2021.10.06"]
[SourceQuality "1"]
[WhiteTeam "Bonn Stadtverwaltung"]
[BlackTeam "Siebengebirge"]
[WhiteTeamCountry "GER"]
[BlackTeamCountry "GER"]

1. d4 c5 2. d5 d6 3. e4 e5 4. Nc3 Nf6 5. Bb5+ Nbd7 6. a4 Be7 7. Nf3 0-0 8. 0-0 a6 9. Be2 Ne8 10. Nd2 g6 11. g3 Bg5 12. f4 Bh6 13. Nc4 Bg7 14. Be3 Nb6 15. Nd2 Bh3 16. Re1 f5 17. a5 Nd7 18. Nc4 h6 19. Qd3 Qe7 20. Bf1 Bxf1 21. Rxf1 Nef6 22. exf5 Ng4 23. fxg6 Rae8 24. f5 e4 25. Qe2 Nde5 26. Nxe5 Nxe3 27. Qxe3 Bxe5 28. Ne2 Bxb2 29. Ra4 Bg7 30. c3 Qe5 31. g4 Qxd5 32. Nf4 Qc6 33. Rc4 Qb5 34. Rxe4 Rxe4 35. Qxe4 Bxc3 36. Qd5+ Kh8 37. Ne6 Bd4+ 38. Nxd4 cxd4 39. Qxd4+ Qe5 40. Qxe5+ dxe5 41. f6 Kg8 42. Rf5 e4 43. Kf2 Rc8 44. h4 Rc6 45. h5 Kf8 46. Ke3 b5 47. axb6 Rxb6 48. Rc5 Rxf6 49. Rc8+ Kg7 50. Kxe4 Rf1 51. Rc7+ Kg8 52. g5 Re1+ 53. Kf5 Rf1+ 54. Ke4 Re1+ 55. Kf3 hxg5 56. h6 Re8 57. Ra7 Rf8+ 58. Kg4 1-0

[Event "Mittelrhein Verbandsliga-O 15/16"]
[Site "Nordrheinwestfalen"]
[Date "2016.05.01"]
[Round "11"]
[White "Heidgen, Horst"]
[Black "Moos, Gerd"]
[Result "0-1"]
[WhiteElo "1741"]
[BlackElo "1921"]
[PlyCount "48"]
[EventDate "2015.09.06"]
[EventType "team-tourn"]
[EventRounds "11"]
[EventCountry "GER"]
[SourceTitle "EXT 2022"]
[Source "ChessBase"]
[SourceDate "2021.10.06"]
[SourceVersion "1"]
[SourceVersionDate "2021.10.06"]
[SourceQuality "1"]
[WhiteTeam "Euskirchen Turm"]
[BlackTeam "Bonn Stadtverwaltung"]
[WhiteTeamCountry "GER"]
[BlackTeamCountry "GER"]

1. e4 e6 2. d4 d5 3. e5 c5 4. c3 Nc6 5. Nf3 Bd7 6. Bd3 cxd4 7. cxd4 Qb6 8. 0-0 Nxd4 9. Nxd4 Qxd4 10. Nc3 a6 11. g3 Ne7 12. Be3 Qxe5 13. Re1 Qb8 14. Bf4 Qd8 15. Qh5 g6 16. Qe5 Rg8 17. Nxd5 exd5 18. Re2 Be6 19. Rae1 Nc6 20. Qc3 Qd7 21. Qf6 Be7 22. Rxe6 fxe6 23. Rxe6 0-0-0 24. Rxc6+ Qxc6 0-1

[Event "Mittelrhein Verbandsliga-O 15/16"]
[Site "Nordrheinwestfalen"]
[Date "2015.10.18"]
[Round "3"]
[White "Weber, Olaf"]
[Black "Moos, Gerd"]
[Result "0-1"]
[WhiteElo "1878"]
[BlackElo "1877"]
[PlyCount "74"]
[EventDate "2015.09.06"]
[EventType "team-tourn"]
[EventRounds "11"]
[EventCountry "GER"]
[SourceTitle "EXT 2022"]
[Source "ChessBase"]
[SourceDate "2021.10.06"]
[SourceVersion "1"]
[SourceVersionDate "2021.10.06"]
[SourceQuality "1"]
[WhiteTeam "Lohmar"]
[BlackTeam "Bonn Stadtverwaltung"]
[WhiteTeamCountry "GER"]
[BlackTeamCountry "GER"]

1. d4 e6 2. c4 f5 3. Nf3 Nf6 4. g3 d5 5. Bg2 Bd6 6. 0-0 0-0 7. Nc3 c6 8. Qc2 Ne4 9. Rb1 Qe8 10. b4 b5 11. cxb5 cxb5 12. Bf4 Bxf4 13. gxf4 Bd7 14. e3 Qh5 15. Nxe4 fxe4 16. Ne5 Rc8 17. Qd2 Qe8 18. Rfc1 Nc6 19. Nxd7 Qxd7 20. Rc5 Nd8 21. Bf1 a6 22. Rbc1 Nb7 23. R5c3 Nd6 24. Rc5 Nc4 25. Qc3 Rf8 26. Bxc4 bxc4 27. Qa3 Rf6 28. Qa5 Qf7 29. Qc7 Qh5 30. Qb7 Raf8 31. Rc8 Qe2 32. Rxf8+ Kxf8 33. Qb8+ Kf7 34. Qc7+ Kg6 35. Qa5 h6 36. Kh1 Kh7 37. Rg1 Qf3+ 0-1

[Event "Mittelrhein Verbandsliga-O 15/16"]
[Site "Nordrheinwestfalen"]
[Date "2015.09.06"]
[Round "1"]
[White "Moos, Gerd"]
[Black "Baltic, Fatih"]
[Result "0-1"]
[WhiteElo "1877"]
[BlackElo "1925"]
[PlyCount "104"]
[EventDate "2015.09.06"]
[EventType "team-tourn"]
[EventRounds "11"]
[EventCountry "GER"]
[SourceTitle "EXT 2022"]
[Source "ChessBase"]
[SourceDate "2021.10.06"]
[SourceVersion "1"]
[SourceVersionDate "2021.10.06"]
[SourceQuality "1"]
[WhiteTeam "Bonn Stadtverwaltung"]
[BlackTeam "Porz SG IV"]
[WhiteTeamCountry "GER"]
[BlackTeamCountry "GER"]

1. d4 Nf6 2. c4 c5 3. d5 b5 4. cxb5 a6 5. b6 d6 6. Nc3 Nbd7 7. Nf3 Rb8 8. e4 g6 9. a4 Rxb6 10. a5 Rb4 11. Qc2 Bg7 12. Be2 0-0 13. 0-0 Ne8 14. Bd2 Nc7 15. Na4 Rb8 16. Bc3 Nb5 17. Bxg7 Kxg7 18. Nc3 Nc7 19. Nd2 f5 20. f3 Ne5 21. Nc4 Nxc4 22. Bxc4 Rb4 23. b3 Bd7 24. Rfe1 e5 25. dxe6 Bxe6 26. Nd5 Bxd5 27. exd5 Qf6 28. Rad1 Rbb8 29. Qd3 Ra8 30. Re3 Rfe8 31. Rxe8 Rxe8 32. Bxa6 Ra8 33. Bc4 Rxa5 34. Re1 Ra8 35. Qd2 Qh4 36. Qc3+ Kf7 37. g3 Qf6 38. Qxf6+ Kxf6 39. h4 h6 40. Kf2 Rh8 41. Ra1 Re8 42. f4 g5 43. fxg5+ hxg5 44. Ra7 Re7 45. Rb7 gxh4 46. gxh4 Ke5 47. Kf3 Kf6 48. Rb8 Ke5 49. Rb7 Kf6 50. Kf4 Ne6+ 51. dxe6 Rxb7 52. h5 Rh7 0-1

[Event "Berlin Werner Ott op"]
[Site "Berlin"]
[Date "2014.07.12"]
[Round "8"]
[White "Moos, Gerd"]
[Black "Faulhaber, Rolf"]
[Result "1/2-1/2"]
[WhiteElo "1956"]
[BlackElo "2068"]
[PlyCount "173"]
[EventDate "2014.07.05"]
[EventType "swiss"]
[EventRounds "9"]
[EventCountry "GER"]
[SourceTitle "CBM 161 Extra"]
[Source "ChessBase"]
[SourceDate "2014.08.29"]
[SourceVersion "1"]
[SourceVersionDate "2014.08.29"]
[SourceQuality "1"]

1. d4 e6 2. c4 Nf6 3. Nc3 Bb4 4. Qc2 0-0 5. a3 Bxc3+ 6. Qxc3 b6 7. Bg5 Bb7 8. e3 h6 9. Bh4 d6 10. f3 Nbd7 11. Bd3 d5 12. cxd5 exd5 13. Ne2 Re8 14. Bf2 c5 15. Rd1 Rc8 16. 0-0 cxd4 17. Qxd4 Nc5 18. Bb1 Ba6 19. Rfe1 Bc4 20. Nc3 Qe7 21. Qf4 Qe5 22. Qxe5 Rxe5 23. Bg3 Ree8 24. h3 Rcd8 25. Kf2 Rd7 26. Ne2 Rde7 27. Nd4 g6 28. Bc2 a5 29. b3 Ba6 30. Nc6 Re6 31. Nd4 R6e7 32. b4 Ne6 33. Nc6 Rb7 34. a4 axb4 35. Nxb4 Bc4 36. Be5 Nd7 37. Bd6 Nc7 38. e4 Nf6 39. e5 Nd7 40. f4 Nf8 41. g4 Ra8 42. Nc6 Ne8 43. Bb4 Rc7 44. Nd4 Ne6 45. Nxe6 fxe6 46. Rd2 Kg7 47. Ke3 Rf7 48. Rf2 Nc7 49. f5 exf5 50. gxf5 gxf5 51. Rg1+ Kh8 52. Bxf5 Rg7 53. Rxg7 Kxg7 54. Bc3 Ne6 55. Bxe6 d4+ 56. Bxd4 Bxe6 57. Rf6 Bxh3 58. e6 Bxe6 59. Rxe6+ Kf7 60. Rf6+ Ke7 61. Rf4 Ra6 62. Kd3 Ke6 63. Bg7 h5 64. Kc3 Ra5 65. Kb4 Rg5 66. Rf6+ Kd5 67. Rf7 h4 68. Bh6 Rg6 69. Bf4 h3 70. Bc7 Kc6 71. Rh7 Rg4+ 72. Kb3 Re4 73. Bb8 Re3+ 74. Kb4 Re4+ 75. Ka3 Re3+ 76. Kb2 Re4 77. Rc7+ Kd5 78. Kb3 Rh4 79. Rc2 Re4 80. Bc7 Re6 81. Kb4 Rc6 82. Rd2+ Ke6 83. Bd8 Rd6 84. Re2+ Kd7 85. Bg5 Kc6 86. Rc2+ Kb7 87. Bf4 1/2-1/2

[Event "Berlin Werner Ott op"]
[Site "Berlin"]
[Date "2014.07.06"]
[Round "2"]
[White "Hoffmann, Rainer1111"]
[Black "Moos, Gerd"]
[Result "0-1"]
[WhiteElo "2110"]
[BlackElo "1956"]
[PlyCount "72"]
[EventDate "2014.07.05"]
[EventType "swiss"]
[EventRounds "9"]
[EventCountry "GER"]
[SourceTitle "CBM 161 Extra"]
[Source "ChessBase"]
[SourceDate "2014.08.29"]
[SourceVersion "1"]
[SourceVersionDate "2014.08.29"]
[SourceQuality "1"]

1. d4 e6 2. Nf3 f5 3. c4 Nf6 4. Nc3 d5 5. Bg5 c6 6. e3 Nbd7 7. cxd5 exd5 8. Bd3 Qb6 9. Rb1 Ne4 10. Bf4 Ndf6 11. 0-0 Be7 12. h3 0-0 13. Qc2 Be6 14. Na4 Qd8 15. Nc5 Nxc5 16. dxc5 Ne4 17. b4 Bf6 18. Nd4 Bxd4 19. exd4 Qh4 20. g3 Qxh3 21. Rfe1 g5 22. Bf1 Qh6 23. Be5 f4 24. Bd3 f3 25. Rb2 Bh3 26. Rxe4 dxe4 27. Bc4+ Be6 28. Bxe6+ Qxe6 29. Qb3 Kf7 30. b5 Qxb3 31. Rxb3 Ke6 32. g4 Rf7 33. a4 Kd5 34. Kh2 Re8 35. Re3 Rxe5 36. dxe5 Kxe5 0-1

[Event "Basel Hilton op 14th"]
[Site "Basel"]
[Date "2012.01.05"]
[Round "7"]
[White "Moos, Gerd"]
[Black "Sevenyuk, Alexey"]
[Result "1/2-1/2"]
[WhiteElo "2016"]
[BlackElo "1916"]
[PlyCount "56"]
[EventDate "2012.01.01"]
[EventType "swiss"]
[EventRounds "7"]
[EventCountry "SUI"]
[SourceTitle "CBM 146 Extra"]
[Source "ChessBase"]
[SourceDate "2012.02.29"]
[SourceVersion "1"]
[SourceVersionDate "2012.02.29"]
[SourceQuality "1"]

1. e4 c5 2. c3 Nf6 3. e5 Nd5 4. d4 cxd4 5. cxd4 b6 6. Nf3 Bb7 7. Nc3 g6 8. Bc4 Nxc3 9. bxc3 d5 10. exd6 Qxd6 11. Qb3 e6 12. Be2 Nc6 13. 0-0 Na5 14. Qd1 Qc7 15. Bd2 Bg7 16. c4 0-0 17. Rc1 Rad8 18. Bxa5 Bxf3 19. Bxf3 Rxd4 20. Qc2 bxa5 21. c5 Rfd8 22. Rfd1 e5 23. Rxd4 exd4 24. Qd3 Rb8 25. c6 Be5 26. g3 Rb2 27. Rb1 Rxb1+ 28. Qxb1 h5 1/2-1/2

[Event "Basel Hilton op 14th"]
[Site "Basel"]
[Date "2012.01.04"]
[Round "6"]
[White "Sperzel, Bernd"]
[Black "Moos, Gerd"]
[Result "1/2-1/2"]
[WhiteElo "1983"]
[BlackElo "2016"]
[PlyCount "55"]
[EventDate "2012.01.01"]
[EventType "swiss"]
[EventRounds "7"]
[EventCountry "SUI"]
[SourceTitle "CBM 146 Extra"]
[Source "ChessBase"]
[SourceDate "2012.02.29"]
[SourceVersion "1"]
[SourceVersionDate "2012.02.29"]
[SourceQuality "1"]

1. d4 d5 2. Nf3 Nf6 3. e3 Bf5 4. c4 c6 5. Nc3 e6 6. Be2 Nbd7 7. 0-0 Bd6 8. b3 0-0 9. Bb2 h6 10. cxd5 exd5 11. Bd3 Bxd3 12. Qxd3 Qe7 13. Ne2 Rfe8 14. Ng3 g6 15. Nd2 Ng4 16. Rae1 Bxg3 17. hxg3 f5 18. f3 Ngf6 19. g4 Qh7 20. gxf5 gxf5 21. e4 fxe4 22. fxe4 Nxe4 23. Nxe4 Rxe4 24. Rxe4 Qxe4 25. Qg3+ Kh8 26. Qh3 Rg8 27. Rf7 Nf8 28. Qxh6+ 1/2-1/2

[Event "Mittelrhein Verbandsliga-O 1112"]
[Site "Germany"]
[Date "2011.11.13"]
[Round "3"]
[White "Moos, Gerd"]
[Black "Voss, Maximilian"]
[Result "1/2-1/2"]
[WhiteElo "1962"]
[BlackElo "1947"]
[PlyCount "81"]
[EventDate "2011.09.18"]
[EventType "team-tourn"]
[EventRounds "11"]
[EventCountry "GER"]
[SourceTitle "EXT 2013"]
[Source "ChessBase"]
[SourceDate "2012.11.22"]
[SourceVersion "1"]
[SourceVersionDate "2012.11.22"]
[SourceQuality "1"]
[WhiteTeam "Bonn Stadtverwaltung"]
[BlackTeam "Erftstadt SV"]
[WhiteTeamCountry "GER"]
[BlackTeamCountry "GER"]

1. e4 g6 2. d4 Bg7 3. Nc3 d6 4. f4 a6 5. Nf3 b5 6. Bd3 Bb7 7. a4 b4 8. Ne2 Nd7 9. 0-0 c5 10. c3 bxc3 11. bxc3 Ngf6 12. e5 Nd5 13. e6 fxe6 14. Ng5 Nf8 15. Qb3 Bc6 16. Rb1 Qa5 17. Be4 Rc8 18. Nxe6 Nxe6 19. Bxd5 Bxd5 20. Qxd5 Kd7 21. f5 gxf5 22. Rxf5 Qxa4 23. Qe4 cxd4 24. Rb7+ Rc7 25. Rxc7+ Nxc7 26. Bg5 Ne6 27. Qb7+ Nc7 28. Bxe7 Re8 29. Rf7 Rxe7 30. Rxe7+ Kxe7 31. Qxc7+ Qd7 32. Qc4 dxc3 33. Nxc3 Bxc3 34. Qxc3 Qe6 35. h3 Kf7 36. Qa5 d5 37. Qc7+ Kg6 38. Qc2+ Kg7 39. Qd2 Kg6 40. Qf4 Kg7 41. Qg5+ 1/2-1/2

[Event "Solingen Karneval op"]
[Site "Solingen"]
[Date "2011.03.04"]
[Round "1"]
[White "Moos, Gerd"]
[Black "Duexmann, Marcel"]
[Result "1/2-1/2"]
[WhiteElo "2011"]
[BlackElo "1658"]
[PlyCount "79"]
[EventDate "2011.03.04"]
[EventType "swiss"]
[EventRounds "5"]
[EventCountry "GER"]
[SourceTitle "EXT 2015"]
[Source "ChessBase"]
[SourceDate "2014.11.20"]
[SourceVersion "1"]
[SourceVersionDate "2014.11.20"]
[SourceQuality "1"]

1. e4 d6 2. d4 Nf6 3. Nc3 g6 4. Be3 Bg7 5. Qd2 c6 6. f3 Nbd7 7. Bh6 Bxh6 8. Qxh6 Qa5 9. Bd3 Qh5 10. Qe3 Qa5 11. Nge2 e5 12. g4 h5 13. g5 Nh7 14. h4 Nhf8 15. f4 Ne6 16. f5 Nxd4 17. 0-0 Nxe2+ 18. Bxe2 Qb6 19. Qxb6 Nxb6 20. fxg6 fxg6 21. Rf6 Rg8 22. Rxd6 Bd7 23. Rf1 0-0-0 24. Rff6 Be8 25. Rxd8+ Kxd8 26. Re6 Nd7 27. Rd6 Rf8 28. Kg2 Ke7 29. Rd1 Rf4 30. Kg3 Nc5 31. Bf3 Bd7 32. b4 Ne6 33. Ne2 Rf8 34. c3 Nf4 35. Nxf4 Rxf4 36. Rf1 Be6 37. a3 Bc4 38. Re1 Kd6 39. Rd1+ Ke7 40. Rd2 1/2-1/2

[Event "Dresden ZMD op"]
[Site "Dresden"]
[Date "2009.07.28"]
[Round "4"]
[White "Moos, Gerd"]
[Black "Schellmann, Frank"]
[Result "1-0"]
[WhiteElo "2015"]
[BlackElo "2161"]
[PlyCount "61"]
[EventDate "2009.07.25"]
[EventType "swiss"]
[EventRounds "9"]
[EventCountry "GER"]
[SourceTitle "CBM 131 Extra"]
[Source "ChessBase"]
[SourceDate "2009.09.03"]
[SourceVersion "2"]
[SourceVersionDate "2009.09.16"]
[SourceQuality "1"]

1. e4 c6 2. d4 d5 3. exd5 cxd5 4. c4 Nf6 5. Nc3 e6 6. Nf3 Bb4 7. Bd3 dxc4 8. Bxc4 0-0 9. 0-0 b6 10. Qb3 Bxc3 11. bxc3 Bb7 12. Be2 Nc6 13. Bg5 Qd6 14. Bxf6 gxf6 15. Rfd1 Rfd8 16. Qb5 Qf4 17. Qh5 Rd5 18. Qh3 Kf8 19. Qxh7 Ke7 20. g3 Qc7 21. c4 Rdd8 22. d5 exd5 23. Nh4 Ne5 24. Nf5+ Kd7 25. Nd4 Rh8 26. Qf5+ Ke7 27. cxd5 Bxd5 28. Nb5 Qb7 29. Rac1 Be6 30. Qf4 Rac8 31. Qb4+ 1-0

[Event "Dresden ZMD op"]
[Site "Dresden"]
[Date "2009.07.27"]
[Round "3"]
[White "Heinig, Wolfram"]
[Black "Moos, Gerd"]
[Result "1-0"]
[WhiteElo "2334"]
[BlackElo "2015"]
[PlyCount "135"]
[EventDate "2009.07.25"]
[EventType "swiss"]
[EventRounds "9"]
[EventCountry "GER"]
[SourceTitle "CBM 131 Extra"]
[Source "ChessBase"]
[SourceDate "2009.09.03"]
[SourceVersion "2"]
[SourceVersionDate "2009.09.16"]
[SourceQuality "1"]

1. Nf3 Nf6 2. c4 c6 3. Nc3 d5 4. cxd5 cxd5 5. d4 Nc6 6. Bf4 Nh5 7. Bd2 e6 8. e3 Bd6 9. Ne5 g6 10. Nxc6 bxc6 11. Be2 Nf6 12. Rc1 Rb8 13. Qc2 Nd7 14. Na4 Bb7 15. Bc3 f5 16. Qd2 Qe7 17. f4 0-0 18. a3 Nf6 19. Bd3 Bc8 20. 0-0 Bd7 21. Nc5 Be8 22. Na6 Rb7 23. Bb4 Bxb4 24. Nxb4 Rb6 25. Rc5 Qd6 26. Rfc1 Rf7 27. R1c2 Ne4 28. Bxe4 fxe4 29. Qc3 Rc7 30. Ra5 Rcb7 31. h3 Kf8 32. Qe1 Rb5 33. Ra6 R5b6 34. Qh4 Kg7 35. Qg5 h6 36. Qg4 Bd7 37. Qh4 Be8 38. Rc5 Rxa6 39. Nxa6 Rxb2 40. Qe1 Rb3 41. Qc1 Rb6 42. Nb4 g5 43. fxg5 hxg5 44. Qe1 Rb5 45. Na6 Bd7 46. Rxb5 cxb5 47. Nc5 Bc8 48. Qf2 a5 49. h4 Qe7 50. Qg3 e5 51. hxg5 exd4 52. exd4 b4 53. axb4 axb4 54. Qb8 Bg4 55. Qxb4 Qxg5 56. Qb7+ Kg6 57. Qc6+ Kh5 58. Qe8+ Kh4 59. Qh8+ Bh5 60. Qb8 Qe3+ 61. Kh2 Bg4 62. Qe5 Qf2 63. Qh8+ Kg5 64. Qg8+ Kh4 65. Qd8+ Kh5 66. Qxd5+ Kh6 67. Qxe4 Bf5 68. Qe5 1-0

[Event "Porto Mannu op"]
[Site "Porto Mannu"]
[Date "2007.05.23"]
[Round "6"]
[White "Casale, Anania"]
[Black "Moos, Gerd"]
[Result "0-1"]
[WhiteElo "1722"]
[BlackElo "2064"]
[PlyCount "98"]
[EventDate "2007.05.19"]
[EventType "swiss"]
[EventRounds "9"]
[EventCountry "ITA"]
[SourceTitle "CBM 118 Extra"]
[Source "ChessBase"]
[SourceDate "2007.07.04"]
[SourceVersion "1"]
[SourceVersionDate "2007.07.04"]
[SourceQuality "1"]

1. d4 Nf6 2. c4 e6 3. Nc3 Bb4 4. Qc2 0-0 5. Nf3 c5 6. e3 cxd4 7. exd4 Re8 8. Bd3 b6 9. 0-0 Bb7 10. Ne4 Nxe4 11. Bxe4 Bxe4 12. Qxe4 d5 13. cxd5 Qxd5 14. Qxd5 exd5 15. Bf4 Nd7 16. a3 Bf8 17. Rac1 Rac8 18. h3 f6 19. h4 h5 20. b4 b5 21. Kh1 Kf7 22. Nd2 Nb6 23. f3 Rxc1 24. Rxc1 Nc4 25. Nb3 Re2 26. Bb8 Ra2 27. Bxa7 Rxa3 28. Na5 Bxb4 29. Nc6 Bd2 30. Rb1 Ra6 31. Rxb5 Rxc6 32. Rxd5 Bf4 33. Rd7+ Kg6 34. Bc5 Ne3 35. Kg1 Bg3 36. Re7 Ra6 37. Ra7 Rxa7 38. Bxa7 Nd5 39. Kf1 Kf5 40. Ke2 Bxh4 41. Kd3 Ke6 42. Bb8 f5 43. g3 Be7 44. Be5 g6 45. Bg7 Bd6 46. f4 Nf6 47. Kc4 Ne4 48. d5+ Kd7 49. Be5 Nxg3 0-1

[Event "Porto Mannu op"]
[Site "Porto Mannu"]
[Date "2007.05.22"]
[Round "4"]
[White "Adrian, Claude"]
[Black "Moos, Gerd"]
[Result "1-0"]
[WhiteElo "2280"]
[BlackElo "2064"]
[PlyCount "33"]
[EventDate "2007.05.19"]
[EventType "swiss"]
[EventRounds "9"]
[EventCountry "ITA"]
[SourceTitle "CBM 118 Extra"]
[Source "ChessBase"]
[SourceDate "2007.07.04"]
[SourceVersion "1"]
[SourceVersionDate "2007.07.04"]
[SourceQuality "1"]

1. Nf3 d5 2. d4 Nf6 3. c4 e6 4. g3 Bb4+ 5. Bd2 Be7 6. Bg2 0-0 7. 0-0 c6 8. Qc2 Nbd7 9. Nc3 b6 10. e4 dxe4 11. Nxe4 Nxe4 12. Qxe4 Bb7 13. Rad1 Nf6 14. Qc2 c5 15. dxc5 Bxc5 16. Bc3 Qe7 17. Ng5 1-0

[Event "Baden-ch HT2"]
[Site "Oberwinden"]
[Date "2007.04.11"]
[Round "6"]
[White "Kuerten, Jens"]
[Black "Moos, Gerd"]
[Result "1/2-1/2"]
[WhiteElo "1979"]
[BlackElo "2064"]
[PlyCount "30"]
[EventDate "2007.04.06"]
[EventType "swiss"]
[EventRounds "9"]
[EventCountry "GER"]
[SourceTitle "CBM 117 Extra"]
[Source "ChessBase"]
[SourceDate "2007.05.09"]
[SourceVersion "1"]
[SourceVersionDate "2007.05.09"]
[SourceQuality "1"]

1. e4 e6 2. d4 d5 3. Bd3 c5 4. c3 dxe4 5. Bxe4 Nf6 6. Bf3 cxd4 7. cxd4 Bb4+ 8. Nc3 0-0 9. Nge2 Qa5 10. Bd2 Nc6 11. a3 Bxc3 12. bxc3 e5 13. Bxc6 bxc6 14. dxe5 Qxe5 15. Bf4 Qe4 1/2-1/2

[Event "Baden-ch HT2"]
[Site "Oberwinden"]
[Date "2007.04.08"]
[Round "3"]
[White "Moos, Gerd"]
[Black "Nusshardt, Dieter"]
[Result "1-0"]
[WhiteElo "2064"]
[BlackElo "1623"]
[PlyCount "83"]
[EventDate "2007.04.06"]
[EventType "swiss"]
[EventRounds "9"]
[EventCountry "GER"]
[SourceTitle "CBM 117 Extra"]
[Source "ChessBase"]
[SourceDate "2007.05.09"]
[SourceVersion "1"]
[SourceVersionDate "2007.05.09"]
[SourceQuality "1"]

1. e4 e5 2. Nf3 Nf6 3. Nxe5 d6 4. Nf3 Nxe4 5. Nc3 Nxc3 6. dxc3 Be7 7. Be3 Nd7 8. Qd2 Ne5 9. Be2 Be6 10. Nd4 Bc4 11. f4 Bxe2 12. Qxe2 Nd7 13. 0-0-0 Nc5 14. Nf5 Ne6 15. Bd4 Bf6 16. Nxg7+ Bxg7 17. Bxg7 Rg8 18. Bh6 Kd7 19. Rhe1 Qf6 20. Qb5+ Kc8 21. Bg5 Nxg5 22. Re8+ Rxe8 23. Qxe8+ Qd8 24. Qxd8+ Kxd8 25. fxg5 Ke8 26. Kd2 Kf8 27. Re1 Re8 28. Rxe8+ Kxe8 29. Ke3 f6 30. Kf4 Kf7 31. Kf5 fxg5 32. Kxg5 Kg7 33. g4 Kf7 34. Kh6 Kg8 35. g5 Kh8 36. h4 Kg8 37. c4 c6 38. b3 a6 39. g6 hxg6 40. Kxg6 b5 41. cxb5 cxb5 42. b4 1-0

[Event "Baden-ch HT2"]
[Site "Oberwinden"]
[Date "2007.04.06"]
[Round "1"]
[White "Bohnert, Peter"]
[Black "Moos, Gerd"]
[Result "0-1"]
[WhiteElo "1870"]
[BlackElo "2064"]
[PlyCount "68"]
[EventDate "2007.04.06"]
[EventType "swiss"]
[EventRounds "9"]
[EventCountry "GER"]
[SourceTitle "CBM 117 Extra"]
[Source "ChessBase"]
[SourceDate "2007.05.09"]
[SourceVersion "1"]
[SourceVersionDate "2007.05.09"]
[SourceQuality "1"]

1. f4 d5 2. Nf3 g6 3. e3 Bg7 4. d4 Bg4 5. Nbd2 Nh6 6. Bd3 Nf5 7. Qe2 c6 8. Qf2 Nd6 9. Ne5 Bf5 10. Bxf5 Nxf5 11. 0-0 h5 12. Ndf3 Nd7 13. Ng5 Nxe5 14. fxe5 Bh6 15. Nh3 e6 16. Nf4 Qh4 17. g3 Qg4 18. Qf3 Qxf3 19. Rxf3 Ke7 20. Bd2 Bxf4 21. Rxf4 g5 22. Rf2 g4 23. Re1 Rag8 24. Ref1 Rh7 25. b3 Rg6 26. c4 h4 27. Rxf5 exf5 28. Rxf5 Ke6 29. Rf4 hxg3 30. hxg3 Rgh6 31. Kf2 Rh2+ 32. Ke1 Rg2 33. Rf6+ Kd7 34. Rf1 Rxg3 0-1